Finite Element Analysis Theory and Application with ANSYS (Record no. 743)
[ view plain ]
| 000 -LEADER | |
|---|---|
| fixed length control field | 00413 a2200121 4500 |
| 020 ## - INTERNATIONAL STANDARD BOOK NUMBER | |
| International Standard Book Number | 0131112023 |
| 082 ## - DEWEY DECIMAL CLASSIFICATION NUMBER | |
| Classification number | 620.00151 MOA |
| 100 ## - MAIN ENTRY--PERSONAL NAME | |
| Personal name | Moaveni, Saeed |
| 245 ## - TITLE STATEMENT | |
| Title | Finite Element Analysis Theory and Application with ANSYS |
| Statement of responsibility, etc. | Saeed Moaveni |
| 250 ## - EDITION STATEMENT | |
| Edition statement | 2nd ed. |
| 260 ## - PUBLICATION, DISTRIBUTION, ETC. | |
| Place of publication, distribution, etc. | New Jersey : |
| Name of publisher, distributor, etc. | Pearson Education, |
| Date of publication, distribution, etc. | 2003 |
| 300 ## - PHYSICAL DESCRIPTION | |
| Extent | xiii, 822p. : |
| Other physical details | ill . ; |
| Dimensions | 28 cm |
| 650 ## - SUBJECT ADDED ENTRY--TOPICAL TERM | |
| Topical term or geographic name entry element | Finite Element Analysis -- Data Processing -- ANSYS(computer System) |
| Withdrawn status | Lost status | Damaged status | Not for loan | Permanent Location | Current Location | Shelving location | Date acquired | Total Checkouts | Full call number | Barcode | Date last seen | Date last checked out | Price effective from | Koha item type |
|---|---|---|---|---|---|---|---|---|---|---|---|---|---|---|
| School of Civil and Environmental Engineering (SCEE) | School of Civil and Environmental Engineering (SCEE) | 2 | 620.00151 MOA | NIT-733 | 01/14/2022 | 10/26/2021 | 01/05/2017 | Book |
